[Event "T-Director's Swiss sytem"]
[Site "playchess.com #662980"]
[Date "2014.03.16"]
[Round "4"]
[White "Cholzan"]
[Black "FMGracz"]
[Result "0-1"]
[WhiteElo "2299"]
[BlackElo "2146"]
[PlyCount "144"]
[EventDate "2014.03.16"]
[EventType "swiss (blitz)"]

1. d4 {[%emt 0:00:04]} d5 {[%emt 0:00:03]} 2. c4 {[%emt 0:00:06]} dxc4 {[%emt
0:00:03]} 3. e4 {[%emt 0:00:02]} b5 {[%emt 0:00:02]} 4. Nf3 {[%emt 0:00:03]}
Bb7 {[%emt 0:00:02]} 5. Nbd2 {[%emt 0:00:04]} a6 {[%emt 0:00:02]} 6. Be2 {
[%emt 0:00:01]} Nf6 {[%emt 0:00:01]} 7. e5 {[%emt 0:00:01]} Nd5 {[%emt 0:00:01]
} 8. O-O {[%emt 0:00:00]} e6 {[%emt 0:00:01]} 9. a4 {[%emt 0:00:02]} Nc6 {
[%emt 0:00:09]} 10. Ne4 {[%emt 0:00:02]} h6 {[%emt 0:00:03]} 11. Ne1 {[%emt 0:
00:39]} Nb6 {[%emt 0:00:13]} 12. axb5 {[%emt 0:00:10]} axb5 {[%emt 0:00:02]}
13. Rxa8 {[%emt 0:00:09]} Bxa8 {[%emt 0:00:02]} 14. Be3 {[%emt 0:00:04]} Nxe5 {
[%emt 0:00:01]} 15. Nc3 {[%emt 0:00:09]} Ned7 {[%emt 0:00:26]} 16. Nxb5 {[%emt
0:00:08]} Nf6 {[%emt 0:00:01]} 17. Bf4 {[%emt 0:00:13]} Bd6 {[%emt 0:00:04]}
18. Be5 {[%emt 0:00:05]} O-O {[%emt 0:00:02]} 19. Qc1 {[%emt 0:00:07]} Bd5 {
[%emt 0:00:04]} 20. Nxd6 {[%emt 0:00:07]} cxd6 {[%emt 0:00:04]} 21. Bg3 {[%emt
0:00:01]} Ne4 {[%emt 0:00:11]} 22. Nc2 {[%emt 0:00:03]} c3 {[%emt 0:00:30]} 23.
bxc3 {[%emt 0:00:11]} Nxc3 {[%emt 0:00:02]} 24. Bd3 {[%emt 0:00:01]} Ne4 {
[%emt 0:00:10]} 25. Ne3 {[%emt 0:00:28]} Nxg3 {[%emt 0:00:04]} 26. hxg3 {[%emt
0:00:00]} Qf6 {[%emt 0:00:08]} 27. Qb2 {[%emt 0:00:09]} Rb8 {[%emt 0:00:14]}
28. Rb1 {[%emt 0:00:08]} g6 {[%emt 0:00:18]} 29. Qb4 {[%emt 0:00:14]} Qd8 {
[%emt 0:00:07]} 30. Nxd5 {[%emt 0:00:13]} exd5 {[%emt 0:00:02]} 31. Qa5 {[%emt
0:00:01]} Kg7 {[%emt 0:00:05]} 32. Rb5 {[%emt 0:00:09]} Qc7 {[%emt 0:00:06]}
33. Kh2 {[%emt 0:00:08]} Qc6 {[%emt 0:00:09]} 34. Qb4 {[%emt 0:00:05]} h5 {
[%emt 0:00:05]} 35. Qb3 {[%emt 0:00:06]} Qc7 {[%emt 0:00:07]} 36. Be2 {[%emt 0:
00:08]} Nd7 {[%emt 0:00:23]} 37. Qxd5 {[%emt 0:00:07]} Rxb5 {[%emt 0:00:04]}
38. Qxb5 {[%emt 0:00:00]} Nf6 {[%emt 0:00:01]} 39. Bf3 {[%emt 0:00:02]} Qc3 {
[%emt 0:00:06]} 40. d5 {[%emt 0:00:05]} Qd4 {[%emt 0:00:01]} 41. Kg1 {[%emt 0:
00:10]} Qa1+ {[%emt 0:00:03]} 42. Kh2 {[%emt 0:00:02]} Qd4 {[%emt 0:00:06]} 43.
Kg1 {[%emt 0:00:07]} Ng4 {[%emt 0:00:02]} 44. Bxg4 {[%emt 0:00:03]} hxg4 {
[%emt 0:00:01]} 45. Qb3 {[%emt 0:00:01]} Kf6 {[%emt 0:00:04]} 46. Qa2 {[%emt 0:
00:14]} Ke5 {[%emt 0:00:04]} 47. Qe2+ {[%emt 0:00:01]} Kxd5 {[%emt 0:00:01]}
48. Qe7 {[%emt 0:00:01]} Qa1+ {[%emt 0:00:16]} 49. Kh2 {[%emt 0:00:07]} Qg7 {
[%emt 0:00:10]} 50. Qd7 {[%emt 0:00:12]} Qh6+ {[%emt 0:00:11]} 51. Kg1 {[%emt
0:00:02]} f5 {[%emt 0:00:03]} 52. Qb5+ {[%emt 0:00:03]} Ke6 {[%emt 0:00:02]}
53. Qe8+ {[%emt 0:00:01]} Kf6 {[%emt 0:00:02]} 54. Qd8+ {[%emt 0:00:01]} Ke6 {
[%emt 0:00:01]} 55. Qe8+ {[%emt 0:00:01]} Kd5 {[%emt 0:00:01]} 56. Qb5+ {[%emt
0:00:01]} Kd4 {[%emt 0:00:01]} 57. Qb4+ {[%emt 0:00:01]} Ke5 {[%emt 0:00:02]}
58. Qb5+ {[%emt 0:00:02]} d5 {[%emt 0:00:01]} 59. Qe8+ {[%emt 0:00:01]} Kd4 {
[%emt 0:00:01]} 60. Qa4+ {[%emt 0:00:01]} Kd3 {[%emt 0:00:01]} 61. Qb5+ {[%emt
0:00:01]} Ke4 {[%emt 0:00:04]} 62. Qb1+ {[%emt 0:00:11]} Kd4 {[%emt 0:00:04]}
63. Qb4+ {[%emt 0:00:01]} Kd3 {[%emt 0:00:03]} 64. Qb5+ {[%emt 0:00:01]} Kc2 {
[%emt 0:00:13]} 65. Qc5+ {[%emt 0:00:05]} Kd1 {[%emt 0:00:07]} 66. Qxd5+ {
[%emt 0:00:01]} Qd2 {[%emt 0:00:02]} 67. Qc5 {[%emt 0:00:15]} Qe1+ {[%emt 0:00:
16]} 68. Kh2 {[%emt 0:00:02]} Ke2 {[%emt 0:00:01]} 69. Qe3+ {[%emt 0:00:08]}
Kf1 {[%emt 0:00:02]} 70. Qxe1+ {[%emt 0:00:21]} Kxe1 {[%emt 0:00:02]} 71. f4 {
[%emt 0:00:01]} Kf2 {[%emt 0:00:07]} 72. Kh1 {[%emt 0:00:04]} Kxg3 {[%emt 0:00:
01] Cholzan resigns} 0-1

[Event "T-Director's Swiss sytem"]
[Site "playchess.com #662980"]
[Date "2014.03.16"]
[Round "4"]
[White "Chrisj555"]
[Black "All4tactics"]
[Result "1-0"]
[WhiteElo "2114"]
[BlackElo "1844"]
[PlyCount "81"]
[EventDate "2014.03.16"]
[EventType "swiss (blitz)"]

1. Nf3 {[%emt 0:00:01]} Nc6 {[%emt 0:00:03]} 2. g3 {[%emt 0:00:00]} b6 {[%emt
0:00:03]} 3. d3 {[%emt 0:00:00]} f5 {[%emt 0:00:05]} 4. Nbd2 {[%emt 0:00:04]}
Bb7 {[%emt 0:00:03]} 5. Bg2 {[%emt 0:00:01]} Nf6 {[%emt 0:00:02]} 6. O-O {
[%emt 0:00:01]} g6 {[%emt 0:00:02]} 7. e4 {[%emt 0:00:01]} fxe4 {[%emt 0:00:02]
} 8. dxe4 {[%emt 0:00:01]} Bg7 {[%emt 0:00:02]} 9. e5 {[%emt 0:00:06]} Ng4 {
[%emt 0:00:02]} 10. e6 {[%emt 0:00:03]} O-O {[%emt 0:00:05]} 11. h3 {[%emt 0:
00:03]} Nf6 {[%emt 0:00:05]} 12. Qe2 {[%emt 0:00:04]} d6 {[%emt 0:00:15]} 13.
c3 {[%emt 0:00:04]} h6 {[%emt 0:00:07]} 14. Nh4 {[%emt 0:00:03]} Qe8 {[%emt 0:
00:08]} 15. Ne4 {[%emt 0:00:10]} g5 {[%emt 0:00:08]} 16. Nf5 {[%emt 0:00:04]}
Nxe4 {[%emt 0:00:11]} 17. Bxe4 {[%emt 0:00:02]} Rxf5 {[%emt 0:00:11]} 18. Bxf5
{[%emt 0:00:02]} Ne5 {[%emt 0:00:02]} 19. f4 {[%emt 0:00:07]} gxf4 {[%emt 0:00:
16]} 20. gxf4 {[%emt 0:00:03]} Ng6 {[%emt 0:00:21]} 21. Qg4 {[%emt 0:00:09]}
Nf8 {[%emt 0:00:19]} 22. Kh2 {[%emt 0:00:05]} Nh7 {[%emt 0:00:27]} 23. Rg1 {
[%emt 0:00:06]} Qf8 {[%emt 0:00:02]} 24. Bg6 {[%emt 0:00:16]} Nf6 {[%emt 0:00:
02]} 25. Bf7+ {[%emt 0:00:01]} Kh8 {[%emt 0:00:03]} 26. Qg6 {[%emt 0:00:13]}
Be4 {[%emt 0:00:03]} 27. f5 {[%emt 0:00:03]} Ng8 {[%emt 0:00:12]} 28. Rg3 {
[%emt 0:00:12]} Be5 {[%emt 0:00:06]} 29. Be3 {[%emt 0:00:12]} Bxg3+ {[%emt 0:
00:09]} 30. Qxg3 {[%emt 0:00:05]} Qg7 {[%emt 0:00:05]} 31. Rg1 {[%emt 0:00:06]}
Qxg3+ {[%emt 0:00:02]} 32. Rxg3 {[%emt 0:00:01]} Bxf5 {[%emt 0:00:01]} 33. Bd4+
{[%emt 0:00:44]} Nf6 {[%emt 0:00:06]} 34. Rf3 {[%emt 0:00:21]} Bb1 {[%emt 0:00:
40]} 35. Bxf6+ {[%emt 0:00:26]} exf6 {[%emt 0:00:04]} 36. e7 {[%emt 0:00:03]}
Kg7 {[%emt 0:00:07]} 37. e8=Q {[%emt 0:00:02]} Rxe8 {[%emt 0:00:03]} 38. Bxe8 {
[%emt 0:00:01]} Bxa2 {[%emt 0:00:02]} 39. Re3 {[%emt 0:00:03]} Kf8 {[%emt 0:00:
07]} 40. Bc6 {[%emt 0:00:02]} Kf7 {[%emt 0:00:03]} 41. Re8 {[%emt 0:00:10]
All4tactics resigns} 1-0

[Event "T-Director's Swiss sytem"]
[Site "playchess.com #662980"]
[Date "2014.03.16"]
[Round "3"]
[White "Chrisj555"]
[Black "Fc2008"]
[Result "0-1"]
[WhiteElo "2119"]
[BlackElo "2424"]
[PlyCount "138"]
[EventDate "2014.03.16"]
[EventType "swiss (blitz)"]

1. Nf3 {[%emt 0:00:02]} Nf6 {[%emt 0:00:03]} 2. g3 {[%emt 0:00:01]} d6 {[%emt
0:00:01]} 3. d3 {[%emt 0:00:02]} Nbd7 {[%emt 0:00:01]} 4. Nbd2 {[%emt 0:00:01]}
e5 {[%emt 0:00:01]} 5. Bg2 {[%emt 0:00:01]} Be7 {[%emt 0:00:02]} 6. e4 {[%emt
0:00:01]} O-O {[%emt 0:00:01]} 7. O-O {[%emt 0:00:01]} c6 {[%emt 0:00:09]} 8.
a4 {[%emt 0:00:05]} a5 {[%emt 0:00:02]} 9. b3 {[%emt 0:00:02]} Nc5 {[%emt 0:00:
03]} 10. Nc4 {[%emt 0:00:02]} Ne6 {[%emt 0:00:02]} 11. c3 {[%emt 0:00:08]} Qc7
{[%emt 0:00:13]} 12. Nh4 {[%emt 0:00:04]} g6 {[%emt 0:00:02]} 13. f4 {[%emt 0:
00:03]} exf4 {[%emt 0:00:05]} 14. gxf4 {[%emt 0:00:08]} Nxe4 {[%emt 0:00:26]}
15. dxe4 {[%emt 0:00:03]} Bxh4 {[%emt 0:00:02]} 16. f5 {[%emt 0:00:01]} Nc5 {
[%emt 0:00:13]} 17. Bf4 {[%emt 0:00:04]} Rd8 {[%emt 0:00:26]} 18. Bxd6 {[%emt
0:00:13]} Rxd6 {[%emt 0:00:02]} 19. Nxd6 {[%emt 0:00:10]} Be7 {[%emt 0:01:30]}
20. e5 {[%emt 0:00:20]} Bxd6 {[%emt 0:00:06]} 21. exd6 {[%emt 0:00:02]} Qb6 {
[%emt 0:00:01]} 22. Kh1 {[%emt 0:00:24]} Bxf5 {[%emt 0:00:04]} 23. Qd4 {[%emt
0:00:46]} Nd7 {[%emt 0:00:02]} 24. Qxb6 {[%emt 0:00:04]} Nxb6 {[%emt 0:00:01]}
25. c4 {[%emt 0:00:01]} Nd7 {[%emt 0:00:06]} 26. Rae1 {[%emt 0:00:06]} Be6 {
[%emt 0:00:01]} 27. Re3 {[%emt 0:00:03]} Nc5 {[%emt 0:00:02]} 28. h4 {[%emt 0:
00:03]} Rd8 {[%emt 0:00:02]} 29. Rd1 {[%emt 0:00:02]} Kg7 {[%emt 0:00:06]} 30.
Rd2 {[%emt 0:00:01]} h5 {[%emt 0:00:04]} 31. Kh2 {[%emt 0:00:01]} Kf6 {[%emt 0:
00:05]} 32. Bh3 {[%emt 0:00:01]} Rd7 {[%emt 0:00:06]} 33. Bxe6 {[%emt 0:00:10]}
Nxe6 {[%emt 0:00:01]} 34. Kg3 {[%emt 0:00:09]} c5 {[%emt 0:00:04]} 35. Rd5 {
[%emt 0:00:05]} b6 {[%emt 0:00:02]} 36. Rd1 {[%emt 0:00:15]} Nd4 {[%emt 0:00:
02]} 37. Rf1+ {[%emt 0:00:04]} Nf5+ {[%emt 0:00:02]} 38. Kh3 {[%emt 0:00:20]}
Rxd6 {[%emt 0:00:01]} 39. Ref3 {[%emt 0:00:06]} Rd4 {[%emt 0:00:03]} 40. Rf4 {
[%emt 0:00:07]} Ke5 {[%emt 0:00:35]} 41. Rxd4 {[%emt 0:00:05]} cxd4 {[%emt 0:
00:01]} 42. Re1+ {[%emt 0:00:03]} Ne3 {[%emt 0:00:03]} 43. Kg3 {[%emt 0:00:05]}
Ke4 {[%emt 0:00:01]} 44. Kf2 {[%emt 0:00:10]} Kd3 {[%emt 0:00:07]} 45. Kf3 {
[%emt 0:00:04]} Nf5 {[%emt 0:00:10]} 46. Rc1 {[%emt 0:00:21]} Nxh4+ {[%emt 0:
00:03]} 47. Kg3 {[%emt 0:00:01]} Nf5+ {[%emt 0:00:01]} 48. Kf4 {[%emt 0:00:00]}
Kd2 {[%emt 0:00:05]} 49. Rf1 {[%emt 0:00:12]} Kc2 {[%emt 0:00:02]} 50. Rf3 {
[%emt 0:00:03]} d3 {[%emt 0:00:02]} 51. b4 {[%emt 0:00:12]} axb4 {[%emt 0:00:
02]} 52. c5 {[%emt 0:00:01]} bxc5 {[%emt 0:00:01]} 53. a5 {[%emt 0:00:01]} Nd6
{[%emt 0:00:02]} 54. a6 {[%emt 0:00:02]} Nb5 {[%emt 0:00:01]} 55. Ke3 {[%emt 0:
00:04]} c4 {[%emt 0:00:03]} 56. Rf2+ {[%emt 0:00:01]} Kc3 {[%emt 0:00:04]} 57.
Rxf7 {[%emt 0:00:04]} b3 {[%emt 0:00:01]} 58. Rb7 {[%emt 0:00:05]} d2 {[%emt 0:
00:01]} 59. Ke2 {[%emt 0:00:02]} Kc2 {[%emt 0:00:04]} 60. Rd7 {[%emt 0:00:03]}
c3 {[%emt 0:00:06]} 61. Rd5 {[%emt 0:00:12]} b2 {[%emt 0:00:03]} 62. Rxb5 {
[%emt 0:00:01]} d1=Q+ {[%emt 0:00:01]} 63. Ke3 {[%emt 0:00:00]} Qd3+ {[%emt 0:
00:01]} 64. Kf4 {[%emt 0:00:01]} Qxb5 {[%emt 0:00:01]} 65. a7 {[%emt 0:00:00]}
Qa5 {[%emt 0:00:01]} 66. Kg3 {[%emt 0:00:02]} Qxa7 {[%emt 0:00:01]} 67. Kh4 {
[%emt 0:00:00]} Qg1 {[%emt 0:00:04]} 68. Kh3 {[%emt 0:00:01]} Kd3 {[%emt 0:00:
01]} 69. Kh4 {[%emt 0:00:01]} Qg4# {[%emt 0:00:02]} 0-1

[Event "T-Director's Swiss sytem"]
[Site "playchess.com #662980"]
[Date "2014.03.16"]
[Round "7"]
[White "Chrisj555"]
[Black "Skobac"]
[Result "1-0"]
[WhiteElo "2064"]
[BlackElo "1671"]
[PlyCount "74"]
[EventDate "2014.03.16"]
[EventType "swiss (blitz)"]

1. Nf3 {[%emt 0:00:01]} d5 {[%emt 0:00:05]} 2. g3 {[%emt 0:00:02]} Nf6 {[%emt
0:00:07]} 3. d3 {[%emt 0:00:01]} g6 {[%emt 0:00:09]} 4. Bg2 {[%emt 0:00:01]}
Bg7 {[%emt 0:00:52]} 5. O-O {[%emt 0:00:05]} O-O {[%emt 0:00:01]} 6. Nbd2 {
[%emt 0:00:02]} Re8 {[%emt 0:00:04]} 7. e4 {[%emt 0:00:01]} dxe4 {[%emt 0:00:
11]} 8. dxe4 {[%emt 0:00:01]} c6 {[%emt 0:00:17]} 9. Qe2 {[%emt 0:00:02]} Nbd7
{[%emt 0:00:23]} 10. a4 {[%emt 0:00:15]} a5 {[%emt 0:00:07]} 11. Nc4 {[%emt 0:
00:01]} Qc7 {[%emt 0:00:13]} 12. e5 {[%emt 0:00:11]} Nd5 {[%emt 0:00:05]} 13.
h4 {[%emt 0:00:04]} N7b6 {[%emt 0:00:03]} 14. Nxb6 {[%emt 0:00:06]} Qxb6 {
[%emt 0:00:08]} 15. c4 {[%emt 0:00:06]} Nb4 {[%emt 0:00:06]} 16. Be3 {[%emt 0:
00:03]} c5 {[%emt 0:00:04]} 17. h5 {[%emt 0:00:02]} Bf5 {[%emt 0:00:03]} 18. h6
{[%emt 0:00:06]} Bh8 {[%emt 0:00:17]} 19. Ng5 {[%emt 0:00:03]} Bxe5 {[%emt 0:
00:15]} 20. Qf3 {[%emt 0:00:08]} Nc2 {[%emt 0:00:08]} 21. g4 {[%emt 0:00:10]}
Be6 {[%emt 0:00:09]} 22. Nxe6 {[%emt 0:00:11]} Qxe6 {[%emt 0:00:02]} 23. Rac1 {
[%emt 0:00:10]} Nxe3 {[%emt 0:00:03]} 24. Qxe3 {[%emt 0:00:01]} Rab8 {[%emt 0:
00:15]} 25. Rfe1 {[%emt 0:00:06]} f6 {[%emt 0:00:13]} 26. Bd5 {[%emt 0:00:03]}
Qxd5 {[%emt 0:00:15]} 27. cxd5 {[%emt 0:00:01]} b6 {[%emt 0:00:10]} 28. Qe4 {
[%emt 0:00:06]} Rbd8 {[%emt 0:00:06]} 29. f4 {[%emt 0:00:05]} Bd4+ {[%emt 0:00:
05]} 30. Kg2 {[%emt 0:00:01]} Rd6 {[%emt 0:00:09]} 31. Red1 {[%emt 0:00:08]}
Bxb2 {[%emt 0:00:04]} 32. Rc2 {[%emt 0:00:03]} Bd4 {[%emt 0:00:04]} 33. f5 {
[%emt 0:00:04]} e6 {[%emt 0:00:13]} 34. fxe6 {[%emt 0:00:04]} f5 {[%emt 0:00:
10]} 35. gxf5 {[%emt 0:00:03]} gxf5 {[%emt 0:00:01]} 36. Qxf5 {[%emt 0:00:01]}
Rxd5 {[%emt 0:00:30]} 37. Qxd5 {[%emt 0:00:02] '} Re7 {[%emt 0:00:04] Skobac
resigns} 1-0

[Event "T-Director's Swiss sytem"]
[Site "playchess.com #662980"]
[Date "2014.03.16"]
[Round "1"]
[White "Degondo"]
[Black "Haapana"]
[Result "1-0"]
[WhiteElo "1646"]
[BlackElo "2144"]
[PlyCount "61"]
[EventDate "2014.03.16"]
[EventType "swiss (blitz)"]

1. e4 {[%emt 0:00:03]} e6 {[%emt 0:00:02]} 2. d4 {[%emt 0:00:03]} d5 {[%emt 0:
00:01]} 3. Nc3 {[%emt 0:00:02]} Bb4 {[%emt 0:00:03]} 4. e5 {[%emt 0:00:02]} c5
{[%emt 0:00:01]} 5. a3 {[%emt 0:00:04]} Bxc3+ {[%emt 0:00:01]} 6. bxc3 {[%emt
0:00:02]} Qa5 {[%emt 0:00:01]} 7. Bd2 {[%emt 0:00:09]} Qa4 {[%emt 0:00:01]} 8.
Qg4 {[%emt 0:00:06]} g6 {[%emt 0:00:02]} 9. Kd1 {[%emt 0:00:31]} b6 {[%emt 0:
00:14]} 10. Bd3 {[%emt 0:00:11]} Ba6 {[%emt 0:00:05]} 11. Bxa6 {[%emt 0:00:08]}
Qxa6 {[%emt 0:00:02]} 12. Qe2 {[%emt 0:00:10]} Qa4 {[%emt 0:00:08]} 13. Nf3 {
[%emt 0:00:08]} Nc6 {[%emt 0:00:26]} 14. Be3 {[%emt 0:00:07]} cxd4 {[%emt 0:00:
11]} 15. cxd4 {[%emt 0:00:13]} Rc8 {[%emt 0:00:04]} 16. Qd2 {[%emt 0:00:51]}
Nge7 {[%emt 0:00:13]} 17. Ke2 {[%emt 0:00:11]} h5 {[%emt 0:00:06]} 18. Rhc1 {
[%emt 0:00:19]} Na5 {[%emt 0:00:09]} 19. Qd3 {[%emt 0:00:21]} Nc4 {[%emt 0:00:
23]} 20. Bg5 {[%emt 0:00:02]} Nf5 {[%emt 0:00:03]} 21. h3 {[%emt 0:00:15]} Na5
{[%emt 0:01:06]} 22. g4 {[%emt 0:00:10]} hxg4 {[%emt 0:00:28]} 23. hxg4 {[%emt
0:00:02]} Ne7 {[%emt 0:00:01]} 24. Bf6 {[%emt 0:00:07]} Rh3 {[%emt 0:00:11]}
25. Bxe7 {[%emt 0:00:21]} Kxe7 {[%emt 0:00:06] Degondo reconnected.} 26. Rab1 {
[%emt 0:00:24]} Qc4 {[%emt 0:00:16]} 27. Qxc4 {[%emt 0:00:19]} Rxc4 {[%emt 0:
00:11]} 28. c3 {[%emt 0:00:06]} Ra4 {[%emt 0:00:02]} 29. Ng5 {[%emt 0:00:21]}
Rh4 {[%emt 0:00:06]} 30. Rh1 {[%emt 0:00:08]} Rxg4 {[%emt 0:00:03]} 31. Nh7 {
[%emt 0:00:13] . Time} 1-0

[Event "T-Director's Swiss sytem"]
[Site "playchess.com #662980"]
[Date "2014.03.16"]
[Round "4"]
[White "Dj Amir"]
[Black "Erkin Karaokcu"]
[Result "0-1"]
[WhiteElo "2201"]
[BlackElo "1945"]
[PlyCount "100"]
[EventDate "2014.03.16"]
[EventType "swiss (blitz)"]

1. d4 {[%emt 0:00:02]} Nf6 {[%emt 0:00:09]} 2. c4 {[%emt 0:00:03] Erkin
Karaokcu reconnected. Dj Amir reconnected.} c5 {[%emt 0:00:16]} 3. d5 {[%emt 0:
00:01]} e6 {[%emt 0:00:02]} 4. Nc3 {[%emt 0:00:01]} exd5 {[%emt 0:00:01]} 5.
cxd5 {[%emt 0:00:00]} d6 {[%emt 0:00:02]} 6. e4 {[%emt 0:00:02]} g6 {[%emt 0:
00:01]} 7. h3 {[%emt 0:00:02]} Bg7 {[%emt 0:00:08]} 8. Nf3 {[%emt 0:00:08]} O-O
{[%emt 0:00:01]} 9. Bd3 {[%emt 0:00:05]} c4 {[%emt 0:00:11]} 10. Bc2 {[%emt 0:
00:11]} b5 {[%emt 0:00:07]} 11. O-O {[%emt 0:00:17]} Re8 {[%emt 0:00:18]} 12.
Nxb5 {[%emt 0:00:23]} Nxe4 {[%emt 0:00:02]} 13. Re1 {[%emt 0:00:05]} Nxf2 {
[%emt 0:01:00]} 14. Kxf2 {[%emt 0:00:19]} Rxe1 {[%emt 0:00:06]} 15. Kxe1 {
[%emt 0:00:16]} Qe8+ {[%emt 0:00:01]} 16. Qe2 {[%emt 0:00:22]} Qxb5 {[%emt 0:
00:01]} 17. a4 {[%emt 0:00:28]} Qxd5 {[%emt 0:00:16]} 18. Be4 {[%emt 0:00:13]}
Qa5+ {[%emt 0:00:07]} 19. Bd2 {[%emt 0:00:02]} c3 {[%emt 0:00:01]} 20. bxc3 {
[%emt 0:00:07]} d5 {[%emt 0:00:10]} 21. c4 {[%emt 0:00:26]} Qc7 {[%emt 0:00:02]
} 22. Bxd5 {[%emt 0:00:05]} Bxa1 {[%emt 0:00:10]} 23. Bxa8 {[%emt 0:00:02]} Bd7
{[%emt 0:00:01]} 24. Qe7 {[%emt 0:00:15] Erkin Karaokcu reconnected.} Na6 {
[%emt 0:00:38]} 25. Bd5 {[%emt 0:00:49]} Bxa4 {[%emt 0:00:27]} 26. Bxf7+ {
[%emt 0:00:11]} Kg7 {[%emt 0:00:03]} 27. Qa3 {[%emt 0:00:25]} Kxf7 {[%emt 0:00:
30] Dj Amir reconnected.} 28. Qxa1 {[%emt 0:00:09]} Nc5 {[%emt 0:00:11] Dj
Amir reconnected. Dj Amir reconnected.} 29. Ng5+ {[%emt 0:00:11]} Kg8 {[%emt 0:
00:05]} 30. Qd4 {[%emt 0:00:04]} Qg3+ {[%emt 0:00:18] '} 31. Kf1 {[%emt 0:00:
03]} Qd3+ {[%emt 0:00:12]} 32. Qxd3 {[%emt 0:00:01]} Nxd3 {[%emt 0:00:00]} 33.
Ke2 {[%emt 0:00:01]} Ne5 {[%emt 0:00:03]} 34. c5 {[%emt 0:00:02]} Bc6 {[%emt 0:
00:01]} 35. g3 {[%emt 0:00:01] Erkin Karaokcu Beraberlik öneriyor} Nf7 {[%emt
0:00:11]} 36. Ne6 {[%emt 0:00:01]} Ne5 {[%emt 0:00:04]} 37. Bf4 {[%emt 0:00:02]
} Nd7 {[%emt 0:00:03]} 38. Kd3 {[%emt 0:00:02]} Bd5 {[%emt 0:00:02]} 39. Nc7 {
[%emt 0:00:01]} Bg2 {[%emt 0:00:04]} 40. Kd4 {[%emt 0:00:02]} Kf7 {[%emt 0:00:
05]} 41. h4 {[%emt 0:00:03]} Nb8 {[%emt 0:00:06]} 42. Nb5 {[%emt 0:00:03]} Nc6+
{[%emt 0:00:00]} 43. Kc3 {[%emt 0:00:02]} Ke6 {[%emt 0:00:02]} 44. Kc4 {[%emt
0:00:03]} Bf1+ {[%emt 0:00:02]} 45. Kc3 {[%emt 0:00:03]} Bxb5 {[%emt 0:00:00]}
46. Kb3 {[%emt 0:00:02]} Bf1 {[%emt 0:00:00]} 47. Kc3 {[%emt 0:00:01]} Kd5 {
[%emt 0:00:00]} 48. Be3 {[%emt 0:00:01]} Ne5 {[%emt 0:00:01]} 49. Kb4 {[%emt 0:
00:02]} Nd7 {[%emt 0:00:02]} 50. Ka5 {[%emt 0:00:02]} Nxc5 {[%emt 0:00:02] Dj
Amir resigns  (Lag: Av=1.62s, max=40.9s)} 0-1

[Event "T-Director's Swiss sytem"]
[Site "playchess.com #662980"]
[Date "2014.03.16"]
[Round "1"]
[White "Dj Amir"]
[Black "Handichess"]
[Result "1-0"]
[WhiteElo "2200"]
[BlackElo "1655"]
[PlyCount "53"]
[EventDate "2014.03.16"]
[EventType "swiss (blitz)"]

1. d4 {[%emt 0:00:42]} Nf6 {[%emt 0:00:08]} 2. c4 {[%emt 0:00:01]} e6 {[%emt 0:
00:04]} 3. Nc3 {[%emt 0:00:02]} d5 {[%emt 0:00:08]} 4. e3 {[%emt 0:00:03]} Be7
{[%emt 0:00:10]} 5. Nf3 {[%emt 0:00:06]} O-O {[%emt 0:00:12]} 6. Bd3 {[%emt 0:
00:03]} dxc4 {[%emt 0:00:03]} 7. Bxc4 {[%emt 0:00:01]} Nbd7 {[%emt 0:00:03]} 8.
O-O {[%emt 0:00:18]} Nb6 {[%emt 0:00:03]} 9. Bd3 {[%emt 0:00:02]} c5 {[%emt 0:
00:08]} 10. Ne5 {[%emt 0:00:06]} cxd4 {[%emt 0:00:25] Dj Amir reconnected.} 11.
exd4 {[%emt 0:00:05]} Nbd5 {[%emt 0:00:24]} 12. Re1 {[%emt 0:00:07]} Bd7 {
[%emt 0:00:40]} 13. Qf3 {[%emt 0:00:14]} Bb4 {[%emt 0:00:36]} 14. Bd2 {[%emt 0:
00:09]} Nxc3 {[%emt 0:00:14]} 15. bxc3 {[%emt 0:00:05]} Be7 {[%emt 0:00:41]}
16. Qh3 {[%emt 0:00:04]} Rc8 {[%emt 0:00:22]} 17. Rac1 {[%emt 0:00:18]} Bc6 {
[%emt 0:00:12]} 18. Bg5 {[%emt 0:00:06]} h6 {[%emt 0:00:17]} 19. Bxh6 {[%emt 0:
00:02]} gxh6 {[%emt 0:00:16]} 20. Qxh6 {[%emt 0:00:00]} Qd5 {[%emt 0:00:10]}
21. Qg5+ {[%emt 0:00:25]} Kh8 {[%emt 0:00:11]} 22. Qh4+ {[%emt 0:00:12]} Kg8 {
[%emt 0:00:06]} 23. Qg3+ {[%emt 0:00:13]} Kh8 {[%emt 0:00:04]} 24. Re3 {[%emt
0:00:03]} Qxg2+ {[%emt 0:00:11]} 25. Qxg2 {[%emt 0:00:02]} Bxg2 {[%emt 0:00:03]
} 26. Kxg2 {[%emt 0:00:01]} Rg8+ {[%emt 0:00:01]} 27. Rg3 {[%emt 0:00:02] '
Temps} 1-0

[Event "T-Director's Swiss sytem"]
[Site "playchess.com #662980"]
[Date "2014.03.16"]
[Round "2"]
[White "Dj Amir"]
[Black "Hühnersuppe"]
[Result "1-0"]
[WhiteElo "2202"]
[BlackElo "1817"]
[PlyCount "41"]
[EventDate "2014.03.16"]
[EventType "swiss (blitz)"]

1. d4 {[%emt 0:00:01]} d5 {[%emt 0:00:02]} 2. c4 {[%emt 0:00:01]} c6 {[%emt 0:
00:02]} 3. Nc3 {[%emt 0:00:01]} Nf6 {[%emt 0:00:02]} 4. Nf3 {[%emt 0:00:04]} e6
{[%emt 0:00:08]} 5. e3 {[%emt 0:00:05]} Nbd7 {[%emt 0:00:05]} 6. Bd3 {[%emt 0:
00:02]} Bd6 {[%emt 0:00:16]} 7. e4 {[%emt 0:00:03]} dxe4 {[%emt 0:00:02]} 8.
Nxe4 {[%emt 0:00:03]} Nxe4 {[%emt 0:00:01]} 9. Bxe4 {[%emt 0:00:13]} Nf6 {
[%emt 0:00:06]} 10. Bc2 {[%emt 0:00:08]} O-O {[%emt 0:00:08]} 11. O-O {[%emt 0:
00:01]} b6 {[%emt 0:00:41]} 12. Bg5 {[%emt 0:00:08]} Bb7 {[%emt 0:00:05]} 13.
Qd3 {[%emt 0:00:02]} g6 {[%emt 0:00:05]} 14. h4 {[%emt 0:01:07]} Be7 {[%emt 0:
00:13]} 15. Rae1 {[%emt 0:00:12]} c5 {[%emt 0:00:26]} 16. d5 {[%emt 0:00:38]}
exd5 {[%emt 0:00:21]} 17. cxd5 {[%emt 0:00:02]} Re8 {[%emt 0:00:40]} 18. d6 {
[%emt 0:00:14]} Qxd6 {[%emt 0:00:21]} 19. Qxd6 {[%emt 0:00:03]} Bxd6 {[%emt 0:
00:06]} 20. Bxf6 {[%emt 0:00:01]} Bxf3 {[%emt 0:00:06]} 21. gxf3 {[%emt 0:00:
03] Hühnersuppe gibt auf} 1-0